<?xml version="1.0" encoding="UTF-8"?>
<record
    xmlns:xsi="http://www.w3.org/2001/XMLSchema-instance"
    xsi:schemaLocation="http://www.loc.gov/MARC21/slim http://www.loc.gov/standards/marcxml/schema/MARC21slim.xsd"
    xmlns="http://www.loc.gov/MARC21/slim">

  <leader>00802nas a2200217 a 4500</leader>
  <controlfield tag="001">5343</controlfield>
  <controlfield tag="003">CDMR</controlfield>
  <controlfield tag="005">20130920144444.0</controlfield>
  <controlfield tag="008">130130d19401976sp ||||||||||||spa||||||d</controlfield>
  <datafield tag="040" ind1=" " ind2=" ">
    <subfield code="a">CDMR</subfield>
    <subfield code="b">cat</subfield>
    <subfield code="c">CDMR</subfield>
  </datafield>
  <datafield tag="240" ind1=" " ind2=" ">
    <subfield code="a">Mundo</subfield>
  </datafield>
  <datafield tag="245" ind1=" " ind2="0">
    <subfield code="a">Mundo</subfield>
    <subfield code="b">: revista de pol&#xED;tica exterior y econom&#xED;a</subfield>
    <subfield code="c">editada por la Agencia EFE</subfield>
  </datafield>
  <datafield tag="246" ind1=" " ind2=" ">
    <subfield code="a">Mundo</subfield>
    <subfield code="b">: revista gr&#xE1;fica semanal de informaci&#xF3;n mundial</subfield>
  </datafield>
  <datafield tag="246" ind1=" " ind2=" ">
    <subfield code="a">Mundo revista</subfield>
  </datafield>
  <datafield tag="260" ind1=" " ind2=" ">
    <subfield code="a">Madrid</subfield>
    <subfield code="c">1940-</subfield>
    <subfield code="b">EFE</subfield>
  </datafield>
  <datafield tag="500" ind1=" " ind2=" ">
    <subfield code="a">Descripci&#xF3; basada en l'exemplar de l'any 1, n&#xFA;m. 9</subfield>
  </datafield>
  <datafield tag="500" ind1=" " ind2=" ">
    <subfield code="a">Exemplars enquadernats de juliol 1940 fins a desembre 1976</subfield>
  </datafield>
  <datafield tag="500" ind1=" " ind2=" ">
    <subfield code="a">Hi ha errades a la numeraci&#xF3; de la coberta dels volums corresponents a maig-desembre 1940, gener-abril 1941 i maig-agost 1941</subfield>
  </datafield>
  <datafield tag="710" ind1="2" ind2=" ">
    <subfield code="9">624</subfield>
    <subfield code="a">Agencia EFE</subfield>
  </datafield>
  <datafield tag="942" ind1=" " ind2=" ">
    <subfield code="c">MON</subfield>
    <subfield code="2">udc</subfield>
  </datafield>
  <datafield tag="999" ind1=" " ind2=" ">
    <subfield code="c">5343</subfield>
    <subfield code="d">5343</subfield>
  </datafield>
  <datafield tag="952" ind1=" " ind2=" ">
    <subfield code="0">0</subfield>
    <subfield code="1">0</subfield>
    <subfield code="4">0</subfield>
    <subfield code="7">0</subfield>
    <subfield code="a">CDMR</subfield>
    <subfield code="b">CDMR</subfield>
    <subfield code="d">2013-01-16</subfield>
    <subfield code="l">0</subfield>
    <subfield code="o">Du 20/ 155</subfield>
    <subfield code="p">Du20/1553127302013</subfield>
    <subfield code="r">2013-01-16</subfield>
    <subfield code="t">Vol. IV</subfield>
    <subfield code="w">2013-01-16</subfield>
    <subfield code="y">RES</subfield>
    <subfield code="z">mayo-agosto 1941</subfield>
  </datafield>
  <datafield tag="952" ind1=" " ind2=" ">
    <subfield code="0">0</subfield>
    <subfield code="1">0</subfield>
    <subfield code="4">0</subfield>
    <subfield code="7">0</subfield>
    <subfield code="a">CDMR</subfield>
    <subfield code="b">CDMR</subfield>
    <subfield code="d">2013-01-16</subfield>
    <subfield code="l">0</subfield>
    <subfield code="o">Du 20/ 160</subfield>
    <subfield code="p">Du20/1605867312013</subfield>
    <subfield code="r">2013-01-16</subfield>
    <subfield code="t">Vol. IX</subfield>
    <subfield code="w">2013-01-16</subfield>
    <subfield code="y">RES</subfield>
    <subfield code="z"> enero-abril 1943</subfield>
  </datafield>
  <datafield tag="952" ind1=" " ind2=" ">
    <subfield code="0">0</subfield>
    <subfield code="1">0</subfield>
    <subfield code="4">0</subfield>
    <subfield code="7">0</subfield>
    <subfield code="a">CDMR</subfield>
    <subfield code="b">CDMR</subfield>
    <subfield code="d">2013-01-16</subfield>
    <subfield code="l">0</subfield>
    <subfield code="o">Du 20/ 201</subfield>
    <subfield code="p">Du20/2013383072013</subfield>
    <subfield code="r">2013-01-16</subfield>
    <subfield code="t">Vol. L</subfield>
    <subfield code="w">2013-01-16</subfield>
    <subfield code="y">RES</subfield>
    <subfield code="z">septiembre-diciembre 1956</subfield>
  </datafield>
  <datafield tag="952" ind1=" " ind2=" ">
    <subfield code="0">0</subfield>
    <subfield code="1">0</subfield>
    <subfield code="4">0</subfield>
    <subfield code="7">0</subfield>
    <subfield code="a">CDMR</subfield>
    <subfield code="b">CDMR</subfield>
    <subfield code="d">2013-01-16</subfield>
    <subfield code="l">0</subfield>
    <subfield code="o">Du 20/ 202</subfield>
    <subfield code="p">Du20/2025474432013</subfield>
    <subfield code="r">2013-01-16</subfield>
    <subfield code="t">Vol. LI</subfield>
    <subfield code="w">2013-01-16</subfield>
    <subfield code="y">RES</subfield>
    <subfield code="z">enero-abril 1957</subfield>
  </datafield>
  <datafield tag="952" ind1=" " ind2=" ">
    <subfield code="0">0</subfield>
    <subfield code="1">0</subfield>
    <subfield code="4">0</subfield>
    <subfield code="7">0</subfield>
    <subfield code="a">CDMR</subfield>
    <subfield code="b">CDMR</subfield>
    <subfield code="d">2013-01-16</subfield>
    <subfield code="l">0</subfield>
    <subfield code="o">Du 20/ 203</subfield>
    <subfield code="p">Du20/2031138062013</subfield>
    <subfield code="r">2013-01-16</subfield>
    <subfield code="t">Vol. LII</subfield>
    <subfield code="w">2013-01-16</subfield>
    <subfield code="y">RES</subfield>
    <subfield code="z">mayo-agosto 1957</subfield>
  </datafield>
  <datafield tag="952" ind1=" " ind2=" ">
    <subfield code="0">0</subfield>
    <subfield code="1">0</subfield>
    <subfield code="4">0</subfield>
    <subfield code="7">0</subfield>
    <subfield code="a">CDMR</subfield>
    <subfield code="b">CDMR</subfield>
    <subfield code="d">2013-01-16</subfield>
    <subfield code="l">0</subfield>
    <subfield code="o">Du 20/ 204</subfield>
    <subfield code="p">Du20/2041367462013</subfield>
    <subfield code="r">2013-01-16</subfield>
    <subfield code="t">Vol. LIII</subfield>
    <subfield code="w">2013-01-16</subfield>
    <subfield code="y">RES</subfield>
    <subfield code="z">septiembre-diciembre 1957</subfield>
  </datafield>
  <datafield tag="952" ind1=" " ind2=" ">
    <subfield code="0">0</subfield>
    <subfield code="1">0</subfield>
    <subfield code="4">0</subfield>
    <subfield code="7">0</subfield>
    <subfield code="a">CDMR</subfield>
    <subfield code="b">CDMR</subfield>
    <subfield code="d">2013-01-16</subfield>
    <subfield code="l">0</subfield>
    <subfield code="o">Du 20/ 205</subfield>
    <subfield code="p">Du20/2051509220130</subfield>
    <subfield code="r">2013-01-16</subfield>
    <subfield code="t">Vol. LIV</subfield>
    <subfield code="w">2013-01-16</subfield>
    <subfield code="y">RES</subfield>
    <subfield code="z">enero-abril 1958</subfield>
  </datafield>
  <datafield tag="952" ind1=" " ind2=" ">
    <subfield code="0">0</subfield>
    <subfield code="1">0</subfield>
    <subfield code="4">0</subfield>
    <subfield code="7">0</subfield>
    <subfield code="a">CDMR</subfield>
    <subfield code="b">CDMR</subfield>
    <subfield code="d">2013-01-16</subfield>
    <subfield code="l">0</subfield>
    <subfield code="o">Du 20/ 210</subfield>
    <subfield code="p">Du20/2101890242013</subfield>
    <subfield code="r">2013-01-16</subfield>
    <subfield code="t">Vol. LIX</subfield>
    <subfield code="w">2013-01-16</subfield>
    <subfield code="y">RES</subfield>
    <subfield code="z">septiembre-diciembre 1959</subfield>
  </datafield>
  <datafield tag="952" ind1=" " ind2=" ">
    <subfield code="0">0</subfield>
    <subfield code="1">0</subfield>
    <subfield code="4">0</subfield>
    <subfield code="7">0</subfield>
    <subfield code="a">CDMR</subfield>
    <subfield code="b">CDMR</subfield>
    <subfield code="d">2013-01-16</subfield>
    <subfield code="l">0</subfield>
    <subfield code="o">Du 20/ 206</subfield>
    <subfield code="p">Du20/2064949872013</subfield>
    <subfield code="r">2013-01-16</subfield>
    <subfield code="t">Vol. LV</subfield>
    <subfield code="w">2013-01-16</subfield>
    <subfield code="y">RES</subfield>
    <subfield code="z">mayo-agosto 1958</subfield>
  </datafield>
  <datafield tag="952" ind1=" " ind2=" ">
    <subfield code="0">0</subfield>
    <subfield code="1">0</subfield>
    <subfield code="4">0</subfield>
    <subfield code="7">0</subfield>
    <subfield code="a">CDMR</subfield>
    <subfield code="b">CDMR</subfield>
    <subfield code="d">2013-01-16</subfield>
    <subfield code="l">0</subfield>
    <subfield code="o">Du 20/ 207</subfield>
    <subfield code="p">Du20/2077525832013</subfield>
    <subfield code="r">2013-01-16</subfield>
    <subfield code="t">Vol. LVI</subfield>
    <subfield code="w">2013-01-16</subfield>
    <subfield code="y">RES</subfield>
    <subfield code="z">septiembre-diciembre 1958</subfield>
  </datafield>
  <datafield tag="952" ind1=" " ind2=" ">
    <subfield code="0">0</subfield>
    <subfield code="1">0</subfield>
    <subfield code="4">0</subfield>
    <subfield code="7">0</subfield>
    <subfield code="a">CDMR</subfield>
    <subfield code="b">CDMR</subfield>
    <subfield code="d">2013-01-16</subfield>
    <subfield code="l">0</subfield>
    <subfield code="o">Du 20/ 208</subfield>
    <subfield code="p">Du20/2082723972013</subfield>
    <subfield code="r">2013-01-16</subfield>
    <subfield code="t">Vol. LVII</subfield>
    <subfield code="w">2013-01-16</subfield>
    <subfield code="y">RES</subfield>
    <subfield code="z">enero-abril 1959</subfield>
  </datafield>
  <datafield tag="952" ind1=" " ind2=" ">
    <subfield code="0">0</subfield>
    <subfield code="1">0</subfield>
    <subfield code="4">0</subfield>
    <subfield code="7">0</subfield>
    <subfield code="a">CDMR</subfield>
    <subfield code="b">CDMR</subfield>
    <subfield code="d">2013-01-16</subfield>
    <subfield code="l">0</subfield>
    <subfield code="o">Du 20/ 209</subfield>
    <subfield code="p">Du20/2092047482013</subfield>
    <subfield code="r">2013-01-16</subfield>
    <subfield code="t">Vol. LVIII</subfield>
    <subfield code="w">2013-01-16</subfield>
    <subfield code="y">RES</subfield>
    <subfield code="z">mayo-agosto 1959</subfield>
  </datafield>
  <datafield tag="952" ind1=" " ind2=" ">
    <subfield code="0">0</subfield>
    <subfield code="1">0</subfield>
    <subfield code="4">0</subfield>
    <subfield code="7">0</subfield>
    <subfield code="a">CDMR</subfield>
    <subfield code="b">CDMR</subfield>
    <subfield code="d">2013-01-16</subfield>
    <subfield code="l">0</subfield>
    <subfield code="o">Du 20/ 211</subfield>
    <subfield code="p">Du20/2119534552013</subfield>
    <subfield code="r">2013-01-16</subfield>
    <subfield code="t">Vol. LX</subfield>
    <subfield code="w">2013-01-16</subfield>
    <subfield code="y">RES</subfield>
    <subfield code="z">enero-abril 1960</subfield>
  </datafield>
  <datafield tag="952" ind1=" " ind2=" ">
    <subfield code="0">0</subfield>
    <subfield code="1">0</subfield>
    <subfield code="4">0</subfield>
    <subfield code="7">0</subfield>
    <subfield code="a">CDMR</subfield>
    <subfield code="b">CDMR</subfield>
    <subfield code="d">2013-01-16</subfield>
    <subfield code="l">0</subfield>
    <subfield code="o">Du 20/ 212</subfield>
    <subfield code="p">Du20/2123229902013</subfield>
    <subfield code="r">2013-01-16</subfield>
    <subfield code="t">Vol. LXI</subfield>
    <subfield code="w">2013-01-16</subfield>
    <subfield code="y">RES</subfield>
    <subfield code="z">mayo-agosto 1960</subfield>
  </datafield>
  <datafield tag="952" ind1=" " ind2=" ">
    <subfield code="0">0</subfield>
    <subfield code="1">0</subfield>
    <subfield code="4">0</subfield>
    <subfield code="7">0</subfield>
    <subfield code="a">CDMR</subfield>
    <subfield code="b">CDMR</subfield>
    <subfield code="d">2013-01-16</subfield>
    <subfield code="l">0</subfield>
    <subfield code="o">Du 20/ 213</subfield>
    <subfield code="p">Du20/2131006420130</subfield>
    <subfield code="r">2013-01-16</subfield>
    <subfield code="t">Vol. LXII</subfield>
    <subfield code="w">2013-01-16</subfield>
    <subfield code="y">RES</subfield>
    <subfield code="z">septiembre-diciembre 1960</subfield>
  </datafield>
  <datafield tag="952" ind1=" " ind2=" ">
    <subfield code="0">0</subfield>
    <subfield code="1">0</subfield>
    <subfield code="4">0</subfield>
    <subfield code="7">0</subfield>
    <subfield code="a">CDMR</subfield>
    <subfield code="b">CDMR</subfield>
    <subfield code="d">2013-01-16</subfield>
    <subfield code="l">0</subfield>
    <subfield code="o">Du 20/ 214</subfield>
    <subfield code="p">Du20/2142096252013</subfield>
    <subfield code="r">2013-01-16</subfield>
    <subfield code="t">Vol. LXIII</subfield>
    <subfield code="w">2013-01-16</subfield>
    <subfield code="y">RES</subfield>
    <subfield code="z">enero-abril 1961</subfield>
  </datafield>
  <datafield tag="952" ind1=" " ind2=" ">
    <subfield code="0">0</subfield>
    <subfield code="1">0</subfield>
    <subfield code="4">0</subfield>
    <subfield code="7">0</subfield>
    <subfield code="a">CDMR</subfield>
    <subfield code="b">CDMR</subfield>
    <subfield code="d">2013-01-16</subfield>
    <subfield code="l">0</subfield>
    <subfield code="o">Du 20/ 215</subfield>
    <subfield code="p">Du20/2155851512013</subfield>
    <subfield code="r">2013-01-16</subfield>
    <subfield code="t">Vol. LXIV</subfield>
    <subfield code="w">2013-01-16</subfield>
    <subfield code="y">RES</subfield>
    <subfield code="z">mayo-agosto 1961</subfield>
  </datafield>
  <datafield tag="952" ind1=" " ind2=" ">
    <subfield code="0">0</subfield>
    <subfield code="1">0</subfield>
    <subfield code="4">0</subfield>
    <subfield code="7">0</subfield>
    <subfield code="a">CDMR</subfield>
    <subfield code="b">CDMR</subfield>
    <subfield code="d">2013-01-16</subfield>
    <subfield code="l">0</subfield>
    <subfield code="o">Du 20/ 220</subfield>
    <subfield code="p">Du20/2209209762013</subfield>
    <subfield code="r">2013-01-16</subfield>
    <subfield code="t">Vol. LXIX</subfield>
    <subfield code="w">2013-01-16</subfield>
    <subfield code="y">RES</subfield>
    <subfield code="z">enero-abril 1963</subfield>
  </datafield>
  <datafield tag="952" ind1=" " ind2=" ">
    <subfield code="0">0</subfield>
    <subfield code="1">0</subfield>
    <subfield code="4">0</subfield>
    <subfield code="7">0</subfield>
    <subfield code="a">CDMR</subfield>
    <subfield code="b">CDMR</subfield>
    <subfield code="d">2013-01-16</subfield>
    <subfield code="l">0</subfield>
    <subfield code="o">Du 20/ 216</subfield>
    <subfield code="p">Du20/2167919152013</subfield>
    <subfield code="r">2013-01-16</subfield>
    <subfield code="t">Vol. LXV</subfield>
    <subfield code="w">2013-01-16</subfield>
    <subfield code="y">RES</subfield>
    <subfield code="z">septiembre-diciembre 1961</subfield>
  </datafield>
  <datafield tag="952" ind1=" " ind2=" ">
    <subfield code="0">0</subfield>
    <subfield code="1">0</subfield>
    <subfield code="4">0</subfield>
    <subfield code="7">0</subfield>
    <subfield code="a">CDMR</subfield>
    <subfield code="b">CDMR</subfield>
    <subfield code="d">2013-01-16</subfield>
    <subfield code="l">0</subfield>
    <subfield code="o">Du 20/ 217</subfield>
    <subfield code="p">Du20/2171190320130</subfield>
    <subfield code="r">2013-01-16</subfield>
    <subfield code="t">Vol. LXVI</subfield>
    <subfield code="w">2013-01-16</subfield>
    <subfield code="y">RES</subfield>
    <subfield code="z">enero-abril 1962</subfield>
  </datafield>
  <datafield tag="952" ind1=" " ind2=" ">
    <subfield code="0">0</subfield>
    <subfield code="1">0</subfield>
    <subfield code="4">0</subfield>
    <subfield code="7">0</subfield>
    <subfield code="a">CDMR</subfield>
    <subfield code="b">CDMR</subfield>
    <subfield code="d">2013-01-16</subfield>
    <subfield code="l">0</subfield>
    <subfield code="o">Du 20/ 218</subfield>
    <subfield code="p">Du20/2189650242013</subfield>
    <subfield code="r">2013-01-16</subfield>
    <subfield code="t">Vol. LXVII</subfield>
    <subfield code="w">2013-01-16</subfield>
    <subfield code="y">RES</subfield>
    <subfield code="z">mayo-agosto 1962</subfield>
  </datafield>
  <datafield tag="952" ind1=" " ind2=" ">
    <subfield code="0">0</subfield>
    <subfield code="1">0</subfield>
    <subfield code="4">0</subfield>
    <subfield code="7">0</subfield>
    <subfield code="a">CDMR</subfield>
    <subfield code="b">CDMR</subfield>
    <subfield code="d">2013-01-16</subfield>
    <subfield code="l">0</subfield>
    <subfield code="o">Du 20/ 219</subfield>
    <subfield code="p">Du20/2192235292013</subfield>
    <subfield code="r">2013-01-16</subfield>
    <subfield code="t">Vol. LXVIII</subfield>
    <subfield code="w">2013-01-16</subfield>
    <subfield code="y">RES</subfield>
    <subfield code="z">septiembre-diciembre 1962</subfield>
  </datafield>
  <datafield tag="952" ind1=" " ind2=" ">
    <subfield code="0">0</subfield>
    <subfield code="1">0</subfield>
    <subfield code="4">0</subfield>
    <subfield code="7">0</subfield>
    <subfield code="a">CDMR</subfield>
    <subfield code="b">CDMR</subfield>
    <subfield code="d">2013-01-16</subfield>
    <subfield code="l">0</subfield>
    <subfield code="o">Du 20/ 221</subfield>
    <subfield code="p">Du20/2218821402013</subfield>
    <subfield code="r">2013-01-16</subfield>
    <subfield code="t">Vol. LXX</subfield>
    <subfield code="w">2013-01-16</subfield>
    <subfield code="y">RES</subfield>
    <subfield code="z">mayo-agosto 1963</subfield>
  </datafield>
  <datafield tag="952" ind1=" " ind2=" ">
    <subfield code="0">0</subfield>
    <subfield code="1">0</subfield>
    <subfield code="4">0</subfield>
    <subfield code="7">0</subfield>
    <subfield code="a">CDMR</subfield>
    <subfield code="b">CDMR</subfield>
    <subfield code="d">2013-01-16</subfield>
    <subfield code="l">0</subfield>
    <subfield code="o">Du 20/ 222</subfield>
    <subfield code="p">Du20/2223772012013</subfield>
    <subfield code="r">2013-01-16</subfield>
    <subfield code="t">Vol. LXXI</subfield>
    <subfield code="w">2013-01-16</subfield>
    <subfield code="y">RES</subfield>
    <subfield code="z">septiembre-diciembre 1963</subfield>
  </datafield>
  <datafield tag="952" ind1=" " ind2=" ">
    <subfield code="0">0</subfield>
    <subfield code="1">0</subfield>
    <subfield code="4">0</subfield>
    <subfield code="7">0</subfield>
    <subfield code="a">CDMR</subfield>
    <subfield code="b">CDMR</subfield>
    <subfield code="d">2013-01-16</subfield>
    <subfield code="l">0</subfield>
    <subfield code="o">Du 20/ 223</subfield>
    <subfield code="p">Du20/2232268172013</subfield>
    <subfield code="r">2013-01-16</subfield>
    <subfield code="t">Vol. LXXII</subfield>
    <subfield code="w">2013-01-16</subfield>
    <subfield code="y">RES</subfield>
    <subfield code="z">enero-abril 1964</subfield>
  </datafield>
  <datafield tag="952" ind1=" " ind2=" ">
    <subfield code="0">0</subfield>
    <subfield code="1">0</subfield>
    <subfield code="4">0</subfield>
    <subfield code="7">0</subfield>
    <subfield code="a">CDMR</subfield>
    <subfield code="b">CDMR</subfield>
    <subfield code="d">2013-01-16</subfield>
    <subfield code="l">0</subfield>
    <subfield code="o">Du 20/ 224</subfield>
    <subfield code="p">Du20/2241784872013</subfield>
    <subfield code="r">2013-01-16</subfield>
    <subfield code="t">Vol. LXXIII</subfield>
    <subfield code="w">2013-01-16</subfield>
    <subfield code="y">RES</subfield>
    <subfield code="z">mayo-agosto 1964</subfield>
  </datafield>
  <datafield tag="952" ind1=" " ind2=" ">
    <subfield code="0">0</subfield>
    <subfield code="1">0</subfield>
    <subfield code="4">0</subfield>
    <subfield code="7">0</subfield>
    <subfield code="a">CDMR</subfield>
    <subfield code="b">CDMR</subfield>
    <subfield code="d">2013-01-16</subfield>
    <subfield code="l">0</subfield>
    <subfield code="o">Du 20/ 225</subfield>
    <subfield code="p">Du20/2259401742013</subfield>
    <subfield code="r">2013-01-16</subfield>
    <subfield code="t">Vol. LXXIV</subfield>
    <subfield code="w">2013-01-16</subfield>
    <subfield code="y">RES</subfield>
    <subfield code="z">septiembre-diciembre 1964</subfield>
  </datafield>
  <datafield tag="952" ind1=" " ind2=" ">
    <subfield code="0">0</subfield>
    <subfield code="1">0</subfield>
    <subfield code="4">0</subfield>
    <subfield code="7">0</subfield>
    <subfield code="a">CDMR</subfield>
    <subfield code="b">CDMR</subfield>
    <subfield code="d">2013-01-16</subfield>
    <subfield code="l">0</subfield>
    <subfield code="o">Du 20/ 226</subfield>
    <subfield code="p">Du20/2264480902013</subfield>
    <subfield code="r">2013-01-16</subfield>
    <subfield code="t">Vol. LXXV</subfield>
    <subfield code="w">2013-01-16</subfield>
    <subfield code="y">RES</subfield>
    <subfield code="z">enero-abril 1965</subfield>
  </datafield>
  <datafield tag="952" ind1=" " ind2=" ">
    <subfield code="0">0</subfield>
    <subfield code="1">0</subfield>
    <subfield code="4">0</subfield>
    <subfield code="7">0</subfield>
    <subfield code="a">CDMR</subfield>
    <subfield code="b">CDMR</subfield>
    <subfield code="d">2013-01-16</subfield>
    <subfield code="l">0</subfield>
    <subfield code="o">Du 20/ 227</subfield>
    <subfield code="p">Du20/2271992912013</subfield>
    <subfield code="r">2013-01-16</subfield>
    <subfield code="t">Vol. LXXVI</subfield>
    <subfield code="w">2013-01-16</subfield>
    <subfield code="y">RES</subfield>
    <subfield code="z">mayo-agosto 1965</subfield>
  </datafield>
  <datafield tag="952" ind1=" " ind2=" ">
    <subfield code="0">0</subfield>
    <subfield code="1">0</subfield>
    <subfield code="4">0</subfield>
    <subfield code="7">0</subfield>
    <subfield code="a">CDMR</subfield>
    <subfield code="b">CDMR</subfield>
    <subfield code="d">2013-01-16</subfield>
    <subfield code="l">0</subfield>
    <subfield code="o">Du 20/ 228</subfield>
    <subfield code="p">Du20/2285011302013</subfield>
    <subfield code="r">2013-01-16</subfield>
    <subfield code="t">Vol. LXXVII</subfield>
    <subfield code="w">2013-01-16</subfield>
    <subfield code="y">RES</subfield>
    <subfield code="z">septiembre-diciembre 1965</subfield>
  </datafield>
  <datafield tag="952" ind1=" " ind2=" ">
    <subfield code="0">0</subfield>
    <subfield code="1">0</subfield>
    <subfield code="4">0</subfield>
    <subfield code="7">0</subfield>
    <subfield code="a">CDMR</subfield>
    <subfield code="b">CDMR</subfield>
    <subfield code="d">2013-01-16</subfield>
    <subfield code="l">0</subfield>
    <subfield code="o">Du 20/ 229</subfield>
    <subfield code="p">Du20/2291330020130</subfield>
    <subfield code="r">2013-01-16</subfield>
    <subfield code="t">Vol. LXXVIII</subfield>
    <subfield code="w">2013-01-16</subfield>
    <subfield code="y">RES</subfield>
    <subfield code="z">enero-abril 1966</subfield>
  </datafield>
  <datafield tag="952" ind1=" " ind2=" ">
    <subfield code="0">0</subfield>
    <subfield code="1">0</subfield>
    <subfield code="4">0</subfield>
    <subfield code="7">0</subfield>
    <subfield code="a">CDMR</subfield>
    <subfield code="b">CDMR</subfield>
    <subfield code="d">2013-01-16</subfield>
    <subfield code="l">0</subfield>
    <subfield code="o">Du 20/ 156</subfield>
    <subfield code="p">Du20/1561213652013</subfield>
    <subfield code="r">2013-01-16</subfield>
    <subfield code="t">Vol. V</subfield>
    <subfield code="w">2013-01-16</subfield>
    <subfield code="y">RES</subfield>
    <subfield code="z">septiembre-diciembre 1941</subfield>
  </datafield>
  <datafield tag="952" ind1=" " ind2=" ">
    <subfield code="0">0</subfield>
    <subfield code="1">0</subfield>
    <subfield code="4">0</subfield>
    <subfield code="7">0</subfield>
    <subfield code="a">CDMR</subfield>
    <subfield code="b">CDMR</subfield>
    <subfield code="d">2013-01-16</subfield>
    <subfield code="l">0</subfield>
    <subfield code="o">Du 20/ 157</subfield>
    <subfield code="p">Du20/1571369252013</subfield>
    <subfield code="r">2013-01-16</subfield>
    <subfield code="t">Vol. VI</subfield>
    <subfield code="w">2013-01-16</subfield>
    <subfield code="y">RES</subfield>
    <subfield code="z">enero-abril 1942</subfield>
  </datafield>
  <datafield tag="952" ind1=" " ind2=" ">
    <subfield code="0">0</subfield>
    <subfield code="1">0</subfield>
    <subfield code="4">0</subfield>
    <subfield code="7">0</subfield>
    <subfield code="a">CDMR</subfield>
    <subfield code="b">CDMR</subfield>
    <subfield code="d">2013-01-16</subfield>
    <subfield code="l">0</subfield>
    <subfield code="o">Du 20/ 158</subfield>
    <subfield code="p">Du20/1581950432013</subfield>
    <subfield code="r">2013-01-16</subfield>
    <subfield code="t">Vol. VII</subfield>
    <subfield code="w">2013-01-16</subfield>
    <subfield code="y">RES</subfield>
    <subfield code="z">mayo-agosto 1942</subfield>
  </datafield>
  <datafield tag="952" ind1=" " ind2=" ">
    <subfield code="0">0</subfield>
    <subfield code="1">0</subfield>
    <subfield code="4">0</subfield>
    <subfield code="7">0</subfield>
    <subfield code="a">CDMR</subfield>
    <subfield code="b">CDMR</subfield>
    <subfield code="d">2013-01-16</subfield>
    <subfield code="l">0</subfield>
    <subfield code="o">Du 20/ 159</subfield>
    <subfield code="p">Du20/1594707172013</subfield>
    <subfield code="r">2013-01-16</subfield>
    <subfield code="t">Vol. VIII</subfield>
    <subfield code="w">2013-01-16</subfield>
    <subfield code="y">RES</subfield>
    <subfield code="z">septiembre-diciembre 1942</subfield>
  </datafield>
  <datafield tag="952" ind1=" " ind2=" ">
    <subfield code="0">0</subfield>
    <subfield code="1">0</subfield>
    <subfield code="4">0</subfield>
    <subfield code="7">0</subfield>
    <subfield code="a">CDMR</subfield>
    <subfield code="b">CDMR</subfield>
    <subfield code="d">2013-01-16</subfield>
    <subfield code="l">0</subfield>
    <subfield code="o">Du 20/ 161</subfield>
    <subfield code="p">Du20/1611261292013</subfield>
    <subfield code="r">2013-01-16</subfield>
    <subfield code="t">Vol. X</subfield>
    <subfield code="w">2013-01-16</subfield>
    <subfield code="y">RES</subfield>
    <subfield code="z">mayo-agosto 1943</subfield>
  </datafield>
  <datafield tag="952" ind1=" " ind2=" ">
    <subfield code="0">0</subfield>
    <subfield code="1">0</subfield>
    <subfield code="4">0</subfield>
    <subfield code="7">0</subfield>
    <subfield code="a">CDMR</subfield>
    <subfield code="b">CDMR</subfield>
    <subfield code="d">2013-01-16</subfield>
    <subfield code="l">0</subfield>
    <subfield code="o">Du 20/ 162</subfield>
    <subfield code="p">Du20/1622077982013</subfield>
    <subfield code="r">2013-01-16</subfield>
    <subfield code="t">Vol. XI</subfield>
    <subfield code="w">2013-01-16</subfield>
    <subfield code="y">RES</subfield>
    <subfield code="z">septiembre-diciembre 1943</subfield>
  </datafield>
  <datafield tag="952" ind1=" " ind2=" ">
    <subfield code="0">0</subfield>
    <subfield code="1">0</subfield>
    <subfield code="4">0</subfield>
    <subfield code="7">0</subfield>
    <subfield code="a">CDMR</subfield>
    <subfield code="b">CDMR</subfield>
    <subfield code="d">2013-01-16</subfield>
    <subfield code="l">0</subfield>
    <subfield code="o">Du 20/ 163</subfield>
    <subfield code="p">Du20/1634010272013</subfield>
    <subfield code="r">2013-01-16</subfield>
    <subfield code="t">Vol. XII</subfield>
    <subfield code="w">2013-01-16</subfield>
    <subfield code="y">RES</subfield>
    <subfield code="z">enero-abril 1944</subfield>
  </datafield>
  <datafield tag="952" ind1=" " ind2=" ">
    <subfield code="0">0</subfield>
    <subfield code="1">0</subfield>
    <subfield code="4">0</subfield>
    <subfield code="7">0</subfield>
    <subfield code="a">CDMR</subfield>
    <subfield code="b">CDMR</subfield>
    <subfield code="d">2013-01-16</subfield>
    <subfield code="l">0</subfield>
    <subfield code="o">Du 20/ 164</subfield>
    <subfield code="p">Du20/1641119912013</subfield>
    <subfield code="r">2013-01-16</subfield>
    <subfield code="t">Vol. XIII</subfield>
    <subfield code="w">2013-01-16</subfield>
    <subfield code="y">RES</subfield>
    <subfield code="z">mayo-agosto 1944</subfield>
  </datafield>
  <datafield tag="952" ind1=" " ind2=" ">
    <subfield code="0">0</subfield>
    <subfield code="1">0</subfield>
    <subfield code="4">0</subfield>
    <subfield code="7">0</subfield>
    <subfield code="a">CDMR</subfield>
    <subfield code="b">CDMR</subfield>
    <subfield code="d">2013-01-16</subfield>
    <subfield code="l">0</subfield>
    <subfield code="o">Du 20/ 165</subfield>
    <subfield code="p">Du20/1658326512013</subfield>
    <subfield code="r">2013-01-16</subfield>
    <subfield code="t">Vol. XIV</subfield>
    <subfield code="w">2013-01-16</subfield>
    <subfield code="y">RES</subfield>
    <subfield code="z">septiembre-diciembre 1944</subfield>
  </datafield>
  <datafield tag="952" ind1=" " ind2=" ">
    <subfield code="0">0</subfield>
    <subfield code="1">0</subfield>
    <subfield code="4">0</subfield>
    <subfield code="7">0</subfield>
    <subfield code="a">CDMR</subfield>
    <subfield code="b">CDMR</subfield>
    <subfield code="d">2013-01-16</subfield>
    <subfield code="l">0</subfield>
    <subfield code="o">Du 20/ 170</subfield>
    <subfield code="p">Du20/1703501320130</subfield>
    <subfield code="r">2013-01-16</subfield>
    <subfield code="t">Vol. XIX</subfield>
    <subfield code="w">2013-01-16</subfield>
    <subfield code="y">RES</subfield>
    <subfield code="z">mayo-agosto 1946</subfield>
  </datafield>
  <datafield tag="952" ind1=" " ind2=" ">
    <subfield code="0">0</subfield>
    <subfield code="1">0</subfield>
    <subfield code="4">0</subfield>
    <subfield code="7">0</subfield>
    <subfield code="a">CDMR</subfield>
    <subfield code="b">CDMR</subfield>
    <subfield code="d">2013-01-16</subfield>
    <subfield code="l">0</subfield>
    <subfield code="o">Du 20/ 191</subfield>
    <subfield code="p">Du20/1916836792013</subfield>
    <subfield code="r">2013-01-16</subfield>
    <subfield code="t">Vol. XL</subfield>
    <subfield code="w">2013-01-16</subfield>
    <subfield code="y">RES</subfield>
    <subfield code="z">mayo-agosto 1953</subfield>
  </datafield>
  <datafield tag="952" ind1=" " ind2=" ">
    <subfield code="0">0</subfield>
    <subfield code="1">0</subfield>
    <subfield code="4">0</subfield>
    <subfield code="7">0</subfield>
    <subfield code="a">CDMR</subfield>
    <subfield code="b">CDMR</subfield>
    <subfield code="d">2013-01-16</subfield>
    <subfield code="l">0</subfield>
    <subfield code="o">Du 20/ 192</subfield>
    <subfield code="p">Du20/1928206512013</subfield>
    <subfield code="r">2013-01-16</subfield>
    <subfield code="t">Vol. XLI</subfield>
    <subfield code="w">2013-01-16</subfield>
    <subfield code="y">RES</subfield>
    <subfield code="z">septiembre-diciembre 1953</subfield>
  </datafield>
  <datafield tag="952" ind1=" " ind2=" ">
    <subfield code="0">0</subfield>
    <subfield code="1">0</subfield>
    <subfield code="4">0</subfield>
    <subfield code="7">0</subfield>
    <subfield code="a">CDMR</subfield>
    <subfield code="b">CDMR</subfield>
    <subfield code="d">2013-01-16</subfield>
    <subfield code="l">0</subfield>
    <subfield code="o">Du 20/ 193</subfield>
    <subfield code="p">Du20/1934220592013</subfield>
    <subfield code="r">2013-01-16</subfield>
    <subfield code="t">Vol. XLII</subfield>
    <subfield code="w">2013-01-16</subfield>
    <subfield code="y">RES</subfield>
    <subfield code="z">enero-abril 1954</subfield>
  </datafield>
  <datafield tag="952" ind1=" " ind2=" ">
    <subfield code="0">0</subfield>
    <subfield code="1">0</subfield>
    <subfield code="4">0</subfield>
    <subfield code="7">0</subfield>
    <subfield code="a">CDMR</subfield>
    <subfield code="b">CDMR</subfield>
    <subfield code="d">2013-01-16</subfield>
    <subfield code="l">0</subfield>
    <subfield code="o">Du 20/ 194</subfield>
    <subfield code="p">Du20/1945484052013</subfield>
    <subfield code="r">2013-01-16</subfield>
    <subfield code="t">Vol. XLIII</subfield>
    <subfield code="w">2013-01-16</subfield>
    <subfield code="y">RES</subfield>
    <subfield code="z">mayo-agosto 1954</subfield>
  </datafield>
  <datafield tag="952" ind1=" " ind2=" ">
    <subfield code="0">0</subfield>
    <subfield code="1">0</subfield>
    <subfield code="4">0</subfield>
    <subfield code="7">0</subfield>
    <subfield code="a">CDMR</subfield>
    <subfield code="b">CDMR</subfield>
    <subfield code="d">2013-01-16</subfield>
    <subfield code="l">0</subfield>
    <subfield code="o">Du 20/ 195</subfield>
    <subfield code="p">Du20/1957558742013</subfield>
    <subfield code="r">2013-01-16</subfield>
    <subfield code="t">Vol. XLIV</subfield>
    <subfield code="w">2013-01-16</subfield>
    <subfield code="y">RES</subfield>
    <subfield code="z">septiembre-diciembre 1954</subfield>
  </datafield>
  <datafield tag="952" ind1=" " ind2=" ">
    <subfield code="0">0</subfield>
    <subfield code="1">0</subfield>
    <subfield code="4">0</subfield>
    <subfield code="7">0</subfield>
    <subfield code="a">CDMR</subfield>
    <subfield code="b">CDMR</subfield>
    <subfield code="d">2013-01-16</subfield>
    <subfield code="l">0</subfield>
    <subfield code="o">Du 20/ 200</subfield>
    <subfield code="p">Du20/2006363852013</subfield>
    <subfield code="r">2013-01-16</subfield>
    <subfield code="t">Vol. XLIX</subfield>
    <subfield code="w">2013-01-16</subfield>
    <subfield code="y">RES</subfield>
    <subfield code="z">mayo-agosto 1956</subfield>
  </datafield>
  <datafield tag="952" ind1=" " ind2=" ">
    <subfield code="0">0</subfield>
    <subfield code="1">0</subfield>
    <subfield code="4">0</subfield>
    <subfield code="7">0</subfield>
    <subfield code="a">CDMR</subfield>
    <subfield code="b">CDMR</subfield>
    <subfield code="d">2013-01-16</subfield>
    <subfield code="l">0</subfield>
    <subfield code="o">Du 20/ 196</subfield>
    <subfield code="p">Du20/1963781992013</subfield>
    <subfield code="r">2013-01-16</subfield>
    <subfield code="t">Vol. XLV</subfield>
    <subfield code="w">2013-01-16</subfield>
    <subfield code="y">RES</subfield>
    <subfield code="z">enero-abril 1955</subfield>
  </datafield>
  <datafield tag="952" ind1=" " ind2=" ">
    <subfield code="0">0</subfield>
    <subfield code="1">0</subfield>
    <subfield code="4">0</subfield>
    <subfield code="7">0</subfield>
    <subfield code="a">CDMR</subfield>
    <subfield code="b">CDMR</subfield>
    <subfield code="d">2013-01-16</subfield>
    <subfield code="l">0</subfield>
    <subfield code="o">Du 20/ 197</subfield>
    <subfield code="p">Du20/1975753012013</subfield>
    <subfield code="r">2013-01-16</subfield>
    <subfield code="t">Vol. XLVI</subfield>
    <subfield code="w">2013-01-16</subfield>
    <subfield code="y">RES</subfield>
    <subfield code="z">mayo-agosto 1955</subfield>
  </datafield>
  <datafield tag="952" ind1=" " ind2=" ">
    <subfield code="0">0</subfield>
    <subfield code="1">0</subfield>
    <subfield code="4">0</subfield>
    <subfield code="7">0</subfield>
    <subfield code="a">CDMR</subfield>
    <subfield code="b">CDMR</subfield>
    <subfield code="d">2013-01-16</subfield>
    <subfield code="l">0</subfield>
    <subfield code="o">Du 20/ 198</subfield>
    <subfield code="p">Du20/1987298522013</subfield>
    <subfield code="r">2013-01-16</subfield>
    <subfield code="t">Vol. XLVII</subfield>
    <subfield code="w">2013-01-16</subfield>
    <subfield code="y">RES</subfield>
    <subfield code="z">septiembre-diciembre 1955</subfield>
  </datafield>
  <datafield tag="952" ind1=" " ind2=" ">
    <subfield code="0">0</subfield>
    <subfield code="1">0</subfield>
    <subfield code="4">0</subfield>
    <subfield code="7">0</subfield>
    <subfield code="a">CDMR</subfield>
    <subfield code="b">CDMR</subfield>
    <subfield code="d">2013-01-16</subfield>
    <subfield code="l">0</subfield>
    <subfield code="o">Du 20/ 199</subfield>
    <subfield code="p">Du20/1995557382013</subfield>
    <subfield code="r">2013-01-16</subfield>
    <subfield code="t">Vol. XLVIII</subfield>
    <subfield code="w">2013-01-16</subfield>
    <subfield code="y">RES</subfield>
    <subfield code="z">enero-abril 1956</subfield>
  </datafield>
  <datafield tag="952" ind1=" " ind2=" ">
    <subfield code="0">0</subfield>
    <subfield code="1">0</subfield>
    <subfield code="4">0</subfield>
    <subfield code="7">0</subfield>
    <subfield code="a">CDMR</subfield>
    <subfield code="b">CDMR</subfield>
    <subfield code="d">2013-01-16</subfield>
    <subfield code="l">0</subfield>
    <subfield code="o">Du 20/ 166</subfield>
    <subfield code="p">Du20/1668283052013</subfield>
    <subfield code="r">2013-01-16</subfield>
    <subfield code="t">Vol. XV</subfield>
    <subfield code="w">2013-01-16</subfield>
    <subfield code="y">RES</subfield>
    <subfield code="z">enero-abril 1945</subfield>
  </datafield>
  <datafield tag="952" ind1=" " ind2=" ">
    <subfield code="0">0</subfield>
    <subfield code="1">0</subfield>
    <subfield code="4">0</subfield>
    <subfield code="7">0</subfield>
    <subfield code="a">CDMR</subfield>
    <subfield code="b">CDMR</subfield>
    <subfield code="d">2013-01-16</subfield>
    <subfield code="l">0</subfield>
    <subfield code="o">Du 20/ 167</subfield>
    <subfield code="p">Du20/1672289622013</subfield>
    <subfield code="r">2013-01-16</subfield>
    <subfield code="t">Vol. XVI</subfield>
    <subfield code="w">2013-01-16</subfield>
    <subfield code="y">RES</subfield>
    <subfield code="z">mayo-agosto 1945</subfield>
  </datafield>
  <datafield tag="952" ind1=" " ind2=" ">
    <subfield code="0">0</subfield>
    <subfield code="1">0</subfield>
    <subfield code="4">0</subfield>
    <subfield code="7">0</subfield>
    <subfield code="a">CDMR</subfield>
    <subfield code="b">CDMR</subfield>
    <subfield code="d">2013-01-16</subfield>
    <subfield code="l">0</subfield>
    <subfield code="o">Du 20/ 168</subfield>
    <subfield code="p">Du20/1682314222013</subfield>
    <subfield code="r">2013-01-16</subfield>
    <subfield code="t">Vol. XVII</subfield>
    <subfield code="w">2013-01-16</subfield>
    <subfield code="y">RES</subfield>
    <subfield code="z">septiembre-diciembre 1945</subfield>
  </datafield>
  <datafield tag="952" ind1=" " ind2=" ">
    <subfield code="0">0</subfield>
    <subfield code="1">0</subfield>
    <subfield code="4">0</subfield>
    <subfield code="7">0</subfield>
    <subfield code="a">CDMR</subfield>
    <subfield code="b">CDMR</subfield>
    <subfield code="d">2013-01-16</subfield>
    <subfield code="l">0</subfield>
    <subfield code="o">Du 20/ 169</subfield>
    <subfield code="p">Du20/1691840562013</subfield>
    <subfield code="r">2013-01-16</subfield>
    <subfield code="t">Vol. XVIII</subfield>
    <subfield code="w">2013-01-16</subfield>
    <subfield code="y">RES</subfield>
    <subfield code="z">enero-abril 1946</subfield>
  </datafield>
  <datafield tag="952" ind1=" " ind2=" ">
    <subfield code="0">0</subfield>
    <subfield code="1">0</subfield>
    <subfield code="4">0</subfield>
    <subfield code="7">0</subfield>
    <subfield code="a">CDMR</subfield>
    <subfield code="b">CDMR</subfield>
    <subfield code="d">2013-01-16</subfield>
    <subfield code="l">0</subfield>
    <subfield code="o">Du 20/ 171</subfield>
    <subfield code="p">Du20/1717398302013</subfield>
    <subfield code="r">2013-01-16</subfield>
    <subfield code="t">Vol. XX</subfield>
    <subfield code="w">2013-01-16</subfield>
    <subfield code="y">RES</subfield>
    <subfield code="z">septiembre-diciembre 1946</subfield>
  </datafield>
  <datafield tag="952" ind1=" " ind2=" ">
    <subfield code="0">0</subfield>
    <subfield code="1">0</subfield>
    <subfield code="4">0</subfield>
    <subfield code="7">0</subfield>
    <subfield code="a">CDMR</subfield>
    <subfield code="b">CDMR</subfield>
    <subfield code="d">2013-01-16</subfield>
    <subfield code="l">0</subfield>
    <subfield code="o">Du 20/ 172</subfield>
    <subfield code="p">Du20/1728937092013</subfield>
    <subfield code="r">2013-01-16</subfield>
    <subfield code="t">Vol. XXI</subfield>
    <subfield code="w">2013-01-16</subfield>
    <subfield code="y">RES</subfield>
    <subfield code="z">enero-abril 1947</subfield>
  </datafield>
  <datafield tag="952" ind1=" " ind2=" ">
    <subfield code="0">0</subfield>
    <subfield code="1">0</subfield>
    <subfield code="4">0</subfield>
    <subfield code="7">0</subfield>
    <subfield code="a">CDMR</subfield>
    <subfield code="b">CDMR</subfield>
    <subfield code="d">2013-01-16</subfield>
    <subfield code="l">0</subfield>
    <subfield code="o">Du 20/ 173</subfield>
    <subfield code="p">Du20/1734808032013</subfield>
    <subfield code="r">2013-01-16</subfield>
    <subfield code="t">Vol. XXII</subfield>
    <subfield code="w">2013-01-16</subfield>
    <subfield code="y">RES</subfield>
    <subfield code="z">mayo-agosto 1947</subfield>
  </datafield>
  <datafield tag="952" ind1=" " ind2=" ">
    <subfield code="0">0</subfield>
    <subfield code="1">0</subfield>
    <subfield code="4">0</subfield>
    <subfield code="7">0</subfield>
    <subfield code="a">CDMR</subfield>
    <subfield code="b">CDMR</subfield>
    <subfield code="d">2013-01-16</subfield>
    <subfield code="l">0</subfield>
    <subfield code="o">Du 20/ 174</subfield>
    <subfield code="p">Du20/1743931220130</subfield>
    <subfield code="r">2013-01-16</subfield>
    <subfield code="t">Vol. XXIII</subfield>
    <subfield code="w">2013-01-16</subfield>
    <subfield code="y">RES</subfield>
    <subfield code="z">septiembre-diciembre 1947</subfield>
  </datafield>
  <datafield tag="952" ind1=" " ind2=" ">
    <subfield code="0">0</subfield>
    <subfield code="1">0</subfield>
    <subfield code="4">0</subfield>
    <subfield code="7">0</subfield>
    <subfield code="a">CDMR</subfield>
    <subfield code="b">CDMR</subfield>
    <subfield code="d">2013-01-16</subfield>
    <subfield code="l">0</subfield>
    <subfield code="o">Du 20/ 175</subfield>
    <subfield code="p">Du20/1753430892013</subfield>
    <subfield code="r">2013-01-16</subfield>
    <subfield code="t">Vol. XXIV</subfield>
    <subfield code="w">2013-01-16</subfield>
    <subfield code="y">RES</subfield>
    <subfield code="z">enero-abril 1948</subfield>
  </datafield>
  <datafield tag="952" ind1=" " ind2=" ">
    <subfield code="0">0</subfield>
    <subfield code="1">0</subfield>
    <subfield code="4">0</subfield>
    <subfield code="7">0</subfield>
    <subfield code="a">CDMR</subfield>
    <subfield code="b">CDMR</subfield>
    <subfield code="d">2013-01-16</subfield>
    <subfield code="l">0</subfield>
    <subfield code="o">Du 20/ 180</subfield>
    <subfield code="p">Du20/1803618852013</subfield>
    <subfield code="r">2013-01-16</subfield>
    <subfield code="t">Vol. XXIX</subfield>
    <subfield code="w">2013-01-16</subfield>
    <subfield code="y">RES</subfield>
    <subfield code="z">septiembre-diciembre 1949</subfield>
  </datafield>
  <datafield tag="952" ind1=" " ind2=" ">
    <subfield code="0">0</subfield>
    <subfield code="1">0</subfield>
    <subfield code="4">0</subfield>
    <subfield code="7">0</subfield>
    <subfield code="a">CDMR</subfield>
    <subfield code="b">CDMR</subfield>
    <subfield code="d">2013-01-16</subfield>
    <subfield code="l">0</subfield>
    <subfield code="o">Du 20/ 176</subfield>
    <subfield code="p">Du20/1767619662013</subfield>
    <subfield code="r">2013-01-16</subfield>
    <subfield code="t">Vol. XXV</subfield>
    <subfield code="w">2013-01-16</subfield>
    <subfield code="y">RES</subfield>
    <subfield code="z">mayo-agosto 1948</subfield>
  </datafield>
  <datafield tag="952" ind1=" " ind2=" ">
    <subfield code="0">0</subfield>
    <subfield code="1">0</subfield>
    <subfield code="4">0</subfield>
    <subfield code="7">0</subfield>
    <subfield code="a">CDMR</subfield>
    <subfield code="b">CDMR</subfield>
    <subfield code="d">2013-01-16</subfield>
    <subfield code="l">0</subfield>
    <subfield code="o">Du 20/ 177</subfield>
    <subfield code="p">Du20/1777182382013</subfield>
    <subfield code="r">2013-01-16</subfield>
    <subfield code="t">Vol. XXVI </subfield>
    <subfield code="w">2013-01-16</subfield>
    <subfield code="y">RES</subfield>
    <subfield code="z">septiembre-diciembre 1948</subfield>
  </datafield>
  <datafield tag="952" ind1=" " ind2=" ">
    <subfield code="0">0</subfield>
    <subfield code="1">0</subfield>
    <subfield code="4">0</subfield>
    <subfield code="7">0</subfield>
    <subfield code="a">CDMR</subfield>
    <subfield code="b">CDMR</subfield>
    <subfield code="d">2013-01-16</subfield>
    <subfield code="l">0</subfield>
    <subfield code="o">Du 20/ 178</subfield>
    <subfield code="p">Du20/1789872672013</subfield>
    <subfield code="r">2013-01-16</subfield>
    <subfield code="t">Vol. XXVII</subfield>
    <subfield code="w">2013-01-16</subfield>
    <subfield code="y">RES</subfield>
    <subfield code="z">enero-abril 1949</subfield>
  </datafield>
  <datafield tag="952" ind1=" " ind2=" ">
    <subfield code="0">0</subfield>
    <subfield code="1">0</subfield>
    <subfield code="4">0</subfield>
    <subfield code="7">0</subfield>
    <subfield code="a">CDMR</subfield>
    <subfield code="b">CDMR</subfield>
    <subfield code="d">2013-01-16</subfield>
    <subfield code="l">0</subfield>
    <subfield code="o">Du 20/ 179</subfield>
    <subfield code="p">Du20/1798689992013</subfield>
    <subfield code="r">2013-01-16</subfield>
    <subfield code="t">Vol. XXVIII</subfield>
    <subfield code="w">2013-01-16</subfield>
    <subfield code="y">RES</subfield>
    <subfield code="z">mayo-agosto 1949</subfield>
  </datafield>
  <datafield tag="952" ind1=" " ind2=" ">
    <subfield code="0">0</subfield>
    <subfield code="1">0</subfield>
    <subfield code="4">0</subfield>
    <subfield code="7">0</subfield>
    <subfield code="a">CDMR</subfield>
    <subfield code="b">CDMR</subfield>
    <subfield code="d">2013-01-16</subfield>
    <subfield code="l">0</subfield>
    <subfield code="o">Du 20/ 181</subfield>
    <subfield code="p">Du20/1811632013011</subfield>
    <subfield code="r">2013-01-16</subfield>
    <subfield code="t">Vol. XXX</subfield>
    <subfield code="w">2013-01-16</subfield>
    <subfield code="y">RES</subfield>
    <subfield code="z">enero-abril 1950</subfield>
  </datafield>
  <datafield tag="952" ind1=" " ind2=" ">
    <subfield code="0">0</subfield>
    <subfield code="1">0</subfield>
    <subfield code="4">0</subfield>
    <subfield code="7">0</subfield>
    <subfield code="a">CDMR</subfield>
    <subfield code="b">CDMR</subfield>
    <subfield code="d">2013-01-16</subfield>
    <subfield code="l">0</subfield>
    <subfield code="o">Du 20/ 182</subfield>
    <subfield code="p">Du20/1824507520130</subfield>
    <subfield code="r">2013-01-16</subfield>
    <subfield code="t">Vol. XXXI</subfield>
    <subfield code="w">2013-01-16</subfield>
    <subfield code="y">RES</subfield>
    <subfield code="z">mayo-agosto 1950</subfield>
  </datafield>
  <datafield tag="952" ind1=" " ind2=" ">
    <subfield code="0">0</subfield>
    <subfield code="1">0</subfield>
    <subfield code="4">0</subfield>
    <subfield code="7">0</subfield>
    <subfield code="a">CDMR</subfield>
    <subfield code="b">CDMR</subfield>
    <subfield code="d">2013-01-16</subfield>
    <subfield code="l">0</subfield>
    <subfield code="o">Du 20/ 183</subfield>
    <subfield code="p">Du20/1836018022013</subfield>
    <subfield code="r">2013-01-16</subfield>
    <subfield code="t">Vol. XXXII</subfield>
    <subfield code="w">2013-01-16</subfield>
    <subfield code="y">RES</subfield>
    <subfield code="z">septiembre-diciembre 1950</subfield>
  </datafield>
  <datafield tag="952" ind1=" " ind2=" ">
    <subfield code="0">0</subfield>
    <subfield code="1">0</subfield>
    <subfield code="4">0</subfield>
    <subfield code="7">0</subfield>
    <subfield code="a">CDMR</subfield>
    <subfield code="b">CDMR</subfield>
    <subfield code="d">2013-01-16</subfield>
    <subfield code="l">0</subfield>
    <subfield code="o">Du 20/ 184</subfield>
    <subfield code="p">Du20/1846774202013</subfield>
    <subfield code="r">2013-01-16</subfield>
    <subfield code="t">Vol. XXXIII</subfield>
    <subfield code="w">2013-01-16</subfield>
    <subfield code="y">RES</subfield>
    <subfield code="z">enero-abril 1951</subfield>
  </datafield>
  <datafield tag="952" ind1=" " ind2=" ">
    <subfield code="0">0</subfield>
    <subfield code="1">0</subfield>
    <subfield code="4">0</subfield>
    <subfield code="7">0</subfield>
    <subfield code="a">CDMR</subfield>
    <subfield code="b">CDMR</subfield>
    <subfield code="d">2013-01-16</subfield>
    <subfield code="l">0</subfield>
    <subfield code="o">Du 20/ 185</subfield>
    <subfield code="p">Du20/1852765092013</subfield>
    <subfield code="r">2013-01-16</subfield>
    <subfield code="t">Vol. XXXIV</subfield>
    <subfield code="w">2013-01-16</subfield>
    <subfield code="y">RES</subfield>
    <subfield code="z">mayo-agosto 1951</subfield>
  </datafield>
  <datafield tag="952" ind1=" " ind2=" ">
    <subfield code="0">0</subfield>
    <subfield code="1">0</subfield>
    <subfield code="4">0</subfield>
    <subfield code="7">0</subfield>
    <subfield code="a">CDMR</subfield>
    <subfield code="b">CDMR</subfield>
    <subfield code="d">2013-01-16</subfield>
    <subfield code="l">0</subfield>
    <subfield code="o">Du 20/ 190</subfield>
    <subfield code="p">Du20/1909690022013</subfield>
    <subfield code="r">2013-01-16</subfield>
    <subfield code="t">Vol. XXXIX</subfield>
    <subfield code="w">2013-01-16</subfield>
    <subfield code="y">RES</subfield>
    <subfield code="z">enero-abril 1953</subfield>
  </datafield>
  <datafield tag="952" ind1=" " ind2=" ">
    <subfield code="0">0</subfield>
    <subfield code="1">0</subfield>
    <subfield code="4">0</subfield>
    <subfield code="7">0</subfield>
    <subfield code="a">CDMR</subfield>
    <subfield code="b">CDMR</subfield>
    <subfield code="d">2013-01-16</subfield>
    <subfield code="l">0</subfield>
    <subfield code="o">Du 20/ 186</subfield>
    <subfield code="p">Du20/1867483742013</subfield>
    <subfield code="r">2013-01-16</subfield>
    <subfield code="t">Vol. XXXV</subfield>
    <subfield code="w">2013-01-16</subfield>
    <subfield code="y">RES</subfield>
    <subfield code="z">septiembre-diciembre 1951</subfield>
  </datafield>
  <datafield tag="952" ind1=" " ind2=" ">
    <subfield code="0">0</subfield>
    <subfield code="1">0</subfield>
    <subfield code="4">0</subfield>
    <subfield code="7">0</subfield>
    <subfield code="a">CDMR</subfield>
    <subfield code="b">CDMR</subfield>
    <subfield code="d">2013-01-16</subfield>
    <subfield code="l">0</subfield>
    <subfield code="o">Du 20/ 187</subfield>
    <subfield code="p">Du20/1877974732013</subfield>
    <subfield code="r">2013-01-16</subfield>
    <subfield code="t">Vol. XXXVI</subfield>
    <subfield code="w">2013-01-16</subfield>
    <subfield code="y">RES</subfield>
    <subfield code="z">enero-abril 1952</subfield>
  </datafield>
  <datafield tag="952" ind1=" " ind2=" ">
    <subfield code="0">0</subfield>
    <subfield code="1">0</subfield>
    <subfield code="4">0</subfield>
    <subfield code="7">0</subfield>
    <subfield code="a">CDMR</subfield>
    <subfield code="b">CDMR</subfield>
    <subfield code="d">2013-01-16</subfield>
    <subfield code="l">0</subfield>
    <subfield code="o">Du 20/ 188</subfield>
    <subfield code="p">Du20/1882888882013</subfield>
    <subfield code="r">2013-01-16</subfield>
    <subfield code="t">Vol. XXXVII</subfield>
    <subfield code="w">2013-01-16</subfield>
    <subfield code="y">RES</subfield>
    <subfield code="z">mayo-agosto 1952</subfield>
  </datafield>
  <datafield tag="952" ind1=" " ind2=" ">
    <subfield code="0">0</subfield>
    <subfield code="1">0</subfield>
    <subfield code="4">0</subfield>
    <subfield code="7">0</subfield>
    <subfield code="a">CDMR</subfield>
    <subfield code="b">CDMR</subfield>
    <subfield code="d">2013-01-16</subfield>
    <subfield code="l">0</subfield>
    <subfield code="o">Du 20/ 189</subfield>
    <subfield code="p">Du20/1899328962013</subfield>
    <subfield code="r">2013-01-16</subfield>
    <subfield code="t">Vol. XXXVIII</subfield>
    <subfield code="w">2013-01-16</subfield>
    <subfield code="y">RES</subfield>
    <subfield code="z">septiembre-diciembre 1952</subfield>
  </datafield>
  <datafield tag="952" ind1=" " ind2=" ">
    <subfield code="0">0</subfield>
    <subfield code="1">0</subfield>
    <subfield code="4">0</subfield>
    <subfield code="7">0</subfield>
    <subfield code="a">CDMR</subfield>
    <subfield code="b">CDMR</subfield>
    <subfield code="d">2013-01-16</subfield>
    <subfield code="l">0</subfield>
    <subfield code="o">Du 20/ 154</subfield>
    <subfield code="p">Du20/1541219682013</subfield>
    <subfield code="r">2013-01-16</subfield>
    <subfield code="w">2013-01-16</subfield>
    <subfield code="y">RES</subfield>
    <subfield code="z">enero-abril 1941</subfield>
  </datafield>
  <datafield tag="952" ind1=" " ind2=" ">
    <subfield code="0">0</subfield>
    <subfield code="1">0</subfield>
    <subfield code="4">0</subfield>
    <subfield code="7">0</subfield>
    <subfield code="a">CDMR</subfield>
    <subfield code="b">CDMR</subfield>
    <subfield code="d">2013-01-16</subfield>
    <subfield code="l">0</subfield>
    <subfield code="o">Du 20/ 230</subfield>
    <subfield code="p">Du20/2304802252013</subfield>
    <subfield code="r">2013-01-16</subfield>
    <subfield code="w">2013-01-16</subfield>
    <subfield code="y">RES</subfield>
    <subfield code="z">enero-abril 1967</subfield>
  </datafield>
  <datafield tag="952" ind1=" " ind2=" ">
    <subfield code="0">0</subfield>
    <subfield code="1">0</subfield>
    <subfield code="4">0</subfield>
    <subfield code="7">0</subfield>
    <subfield code="a">CDMR</subfield>
    <subfield code="b">CDMR</subfield>
    <subfield code="d">2013-01-16</subfield>
    <subfield code="l">0</subfield>
    <subfield code="o">Du 20/ 233</subfield>
    <subfield code="p">Du20/2339063482013</subfield>
    <subfield code="r">2013-01-16</subfield>
    <subfield code="w">2013-01-16</subfield>
    <subfield code="y">RES</subfield>
    <subfield code="z">enero-abril 1968</subfield>
  </datafield>
  <datafield tag="952" ind1=" " ind2=" ">
    <subfield code="0">0</subfield>
    <subfield code="1">0</subfield>
    <subfield code="4">0</subfield>
    <subfield code="7">0</subfield>
    <subfield code="a">CDMR</subfield>
    <subfield code="b">CDMR</subfield>
    <subfield code="d">2013-01-16</subfield>
    <subfield code="l">0</subfield>
    <subfield code="o">Du 20/ 236</subfield>
    <subfield code="p">Du20/2365646172013</subfield>
    <subfield code="r">2013-01-16</subfield>
    <subfield code="w">2013-01-16</subfield>
    <subfield code="y">RES</subfield>
    <subfield code="z">enero-abril 1969</subfield>
  </datafield>
  <datafield tag="952" ind1=" " ind2=" ">
    <subfield code="0">0</subfield>
    <subfield code="1">0</subfield>
    <subfield code="4">0</subfield>
    <subfield code="7">0</subfield>
    <subfield code="a">CDMR</subfield>
    <subfield code="b">CDMR</subfield>
    <subfield code="d">2013-01-16</subfield>
    <subfield code="l">0</subfield>
    <subfield code="o">Du 20/ 238</subfield>
    <subfield code="p">Du20/2384446872013</subfield>
    <subfield code="r">2013-01-16</subfield>
    <subfield code="w">2013-01-16</subfield>
    <subfield code="y">RES</subfield>
    <subfield code="z">enero-abril 1970</subfield>
  </datafield>
  <datafield tag="952" ind1=" " ind2=" ">
    <subfield code="0">0</subfield>
    <subfield code="1">0</subfield>
    <subfield code="4">0</subfield>
    <subfield code="7">0</subfield>
    <subfield code="a">CDMR</subfield>
    <subfield code="b">CDMR</subfield>
    <subfield code="d">2013-01-16</subfield>
    <subfield code="l">0</subfield>
    <subfield code="o">Du 20/ 241</subfield>
    <subfield code="p">Du20/2418124852013</subfield>
    <subfield code="r">2013-01-16</subfield>
    <subfield code="w">2013-01-16</subfield>
    <subfield code="y">RES</subfield>
    <subfield code="z">enero-abril 1971</subfield>
  </datafield>
  <datafield tag="952" ind1=" " ind2=" ">
    <subfield code="0">0</subfield>
    <subfield code="1">0</subfield>
    <subfield code="4">0</subfield>
    <subfield code="7">0</subfield>
    <subfield code="a">CDMR</subfield>
    <subfield code="b">CDMR</subfield>
    <subfield code="d">2013-01-16</subfield>
    <subfield code="l">0</subfield>
    <subfield code="o">Du 20/ 244</subfield>
    <subfield code="p">Du20/2445343182013</subfield>
    <subfield code="r">2013-01-16</subfield>
    <subfield code="w">2013-01-16</subfield>
    <subfield code="y">RES</subfield>
    <subfield code="z">enero-abril 1972</subfield>
  </datafield>
  <datafield tag="952" ind1=" " ind2=" ">
    <subfield code="0">0</subfield>
    <subfield code="1">0</subfield>
    <subfield code="4">0</subfield>
    <subfield code="7">0</subfield>
    <subfield code="a">CDMR</subfield>
    <subfield code="b">CDMR</subfield>
    <subfield code="d">2013-01-16</subfield>
    <subfield code="l">0</subfield>
    <subfield code="o">Du 20/ 247</subfield>
    <subfield code="p">Du20/2473855172013</subfield>
    <subfield code="r">2013-01-16</subfield>
    <subfield code="w">2013-01-16</subfield>
    <subfield code="y">RES</subfield>
    <subfield code="z">enero-abril 1973</subfield>
  </datafield>
  <datafield tag="952" ind1=" " ind2=" ">
    <subfield code="0">0</subfield>
    <subfield code="1">0</subfield>
    <subfield code="4">0</subfield>
    <subfield code="7">0</subfield>
    <subfield code="a">CDMR</subfield>
    <subfield code="b">CDMR</subfield>
    <subfield code="d">2013-01-16</subfield>
    <subfield code="l">0</subfield>
    <subfield code="o">Du 20/ 250</subfield>
    <subfield code="p">Du20/2507528122013</subfield>
    <subfield code="r">2013-01-16</subfield>
    <subfield code="w">2013-01-16</subfield>
    <subfield code="y">RES</subfield>
    <subfield code="z">enero-abril 1974</subfield>
  </datafield>
  <datafield tag="952" ind1=" " ind2=" ">
    <subfield code="0">0</subfield>
    <subfield code="1">0</subfield>
    <subfield code="4">0</subfield>
    <subfield code="7">0</subfield>
    <subfield code="a">CDMR</subfield>
    <subfield code="b">CDMR</subfield>
    <subfield code="d">2013-01-16</subfield>
    <subfield code="l">0</subfield>
    <subfield code="o">Du 20/ 253</subfield>
    <subfield code="p">Du20/2531286642013</subfield>
    <subfield code="r">2013-01-16</subfield>
    <subfield code="w">2013-01-16</subfield>
    <subfield code="y">RES</subfield>
    <subfield code="z">enero-abril 1975</subfield>
  </datafield>
  <datafield tag="952" ind1=" " ind2=" ">
    <subfield code="0">0</subfield>
    <subfield code="1">0</subfield>
    <subfield code="4">0</subfield>
    <subfield code="7">0</subfield>
    <subfield code="a">CDMR</subfield>
    <subfield code="b">CDMR</subfield>
    <subfield code="d">2013-01-16</subfield>
    <subfield code="l">0</subfield>
    <subfield code="o">Du 20/ 256</subfield>
    <subfield code="p">Du20/2562126082013</subfield>
    <subfield code="r">2013-01-16</subfield>
    <subfield code="w">2013-01-16</subfield>
    <subfield code="y">RES</subfield>
    <subfield code="z">enero-abril 1976</subfield>
  </datafield>
  <datafield tag="952" ind1=" " ind2=" ">
    <subfield code="0">0</subfield>
    <subfield code="1">0</subfield>
    <subfield code="4">0</subfield>
    <subfield code="7">0</subfield>
    <subfield code="a">CDMR</subfield>
    <subfield code="b">CDMR</subfield>
    <subfield code="d">2013-01-16</subfield>
    <subfield code="l">0</subfield>
    <subfield code="o">Du 20/ 231</subfield>
    <subfield code="p">Du20/2312675222013</subfield>
    <subfield code="r">2013-01-16</subfield>
    <subfield code="w">2013-01-16</subfield>
    <subfield code="y">RES</subfield>
    <subfield code="z">mayo-agosto 1967</subfield>
  </datafield>
  <datafield tag="952" ind1=" " ind2=" ">
    <subfield code="0">0</subfield>
    <subfield code="1">0</subfield>
    <subfield code="4">0</subfield>
    <subfield code="7">0</subfield>
    <subfield code="a">CDMR</subfield>
    <subfield code="b">CDMR</subfield>
    <subfield code="d">2013-01-16</subfield>
    <subfield code="l">0</subfield>
    <subfield code="o">Du 20/ 234</subfield>
    <subfield code="p">Du20/2341578020130</subfield>
    <subfield code="r">2013-01-16</subfield>
    <subfield code="w">2013-01-16</subfield>
    <subfield code="y">RES</subfield>
    <subfield code="z">mayo-agosto 1968</subfield>
  </datafield>
  <datafield tag="952" ind1=" " ind2=" ">
    <subfield code="0">0</subfield>
    <subfield code="1">0</subfield>
    <subfield code="4">0</subfield>
    <subfield code="7">0</subfield>
    <subfield code="a">CDMR</subfield>
    <subfield code="b">CDMR</subfield>
    <subfield code="d">2013-01-16</subfield>
    <subfield code="l">0</subfield>
    <subfield code="o">Du 20/ 239</subfield>
    <subfield code="p">Du20/2393275532013</subfield>
    <subfield code="r">2013-01-16</subfield>
    <subfield code="w">2013-01-16</subfield>
    <subfield code="y">RES</subfield>
    <subfield code="z">mayo-agosto 1970</subfield>
  </datafield>
  <datafield tag="952" ind1=" " ind2=" ">
    <subfield code="0">0</subfield>
    <subfield code="1">0</subfield>
    <subfield code="4">0</subfield>
    <subfield code="7">0</subfield>
    <subfield code="a">CDMR</subfield>
    <subfield code="b">CDMR</subfield>
    <subfield code="d">2013-01-16</subfield>
    <subfield code="l">0</subfield>
    <subfield code="o">Du 20/ 242</subfield>
    <subfield code="p">Du20/2429806302013</subfield>
    <subfield code="r">2013-01-16</subfield>
    <subfield code="w">2013-01-16</subfield>
    <subfield code="y">RES</subfield>
    <subfield code="z">mayo-agosto 1971</subfield>
  </datafield>
  <datafield tag="952" ind1=" " ind2=" ">
    <subfield code="0">0</subfield>
    <subfield code="1">0</subfield>
    <subfield code="4">0</subfield>
    <subfield code="7">0</subfield>
    <subfield code="a">CDMR</subfield>
    <subfield code="b">CDMR</subfield>
    <subfield code="d">2013-01-16</subfield>
    <subfield code="l">0</subfield>
    <subfield code="o">Du 20/ 245</subfield>
    <subfield code="p">Du20/2452313572013</subfield>
    <subfield code="r">2013-01-16</subfield>
    <subfield code="w">2013-01-16</subfield>
    <subfield code="y">RES</subfield>
    <subfield code="z">mayo-agosto 1972</subfield>
  </datafield>
  <datafield tag="952" ind1=" " ind2=" ">
    <subfield code="0">0</subfield>
    <subfield code="1">0</subfield>
    <subfield code="4">0</subfield>
    <subfield code="7">0</subfield>
    <subfield code="a">CDMR</subfield>
    <subfield code="b">CDMR</subfield>
    <subfield code="d">2013-01-16</subfield>
    <subfield code="l">0</subfield>
    <subfield code="o">Du 20/ 248</subfield>
    <subfield code="p">Du20/2487133932013</subfield>
    <subfield code="r">2013-01-16</subfield>
    <subfield code="w">2013-01-16</subfield>
    <subfield code="y">RES</subfield>
    <subfield code="z">mayo-agosto 1973</subfield>
  </datafield>
  <datafield tag="952" ind1=" " ind2=" ">
    <subfield code="0">0</subfield>
    <subfield code="1">0</subfield>
    <subfield code="4">0</subfield>
    <subfield code="7">0</subfield>
    <subfield code="a">CDMR</subfield>
    <subfield code="b">CDMR</subfield>
    <subfield code="d">2013-01-16</subfield>
    <subfield code="l">0</subfield>
    <subfield code="o">Du 20/ 251</subfield>
    <subfield code="p">Du20/2511501362013</subfield>
    <subfield code="r">2013-01-16</subfield>
    <subfield code="w">2013-01-16</subfield>
    <subfield code="y">RES</subfield>
    <subfield code="z">mayo-agosto 1974</subfield>
  </datafield>
  <datafield tag="952" ind1=" " ind2=" ">
    <subfield code="0">0</subfield>
    <subfield code="1">0</subfield>
    <subfield code="4">0</subfield>
    <subfield code="7">0</subfield>
    <subfield code="a">CDMR</subfield>
    <subfield code="b">CDMR</subfield>
    <subfield code="d">2013-01-16</subfield>
    <subfield code="l">0</subfield>
    <subfield code="o">Du 20/ 254</subfield>
    <subfield code="p">Du20/2545443962013</subfield>
    <subfield code="r">2013-01-16</subfield>
    <subfield code="w">2013-01-16</subfield>
    <subfield code="y">RES</subfield>
    <subfield code="z">mayo-agosto 1975</subfield>
  </datafield>
  <datafield tag="952" ind1=" " ind2=" ">
    <subfield code="0">0</subfield>
    <subfield code="1">0</subfield>
    <subfield code="4">0</subfield>
    <subfield code="7">0</subfield>
    <subfield code="a">CDMR</subfield>
    <subfield code="b">CDMR</subfield>
    <subfield code="d">2013-01-16</subfield>
    <subfield code="l">0</subfield>
    <subfield code="o">Du 20/ 257</subfield>
    <subfield code="p">Du20/2575436042013</subfield>
    <subfield code="r">2013-01-16</subfield>
    <subfield code="w">2013-01-16</subfield>
    <subfield code="y">RES</subfield>
    <subfield code="z">mayo-agosto 1976</subfield>
  </datafield>
  <datafield tag="952" ind1=" " ind2=" ">
    <subfield code="0">0</subfield>
    <subfield code="1">0</subfield>
    <subfield code="4">0</subfield>
    <subfield code="7">0</subfield>
    <subfield code="a">CDMR</subfield>
    <subfield code="b">CDMR</subfield>
    <subfield code="d">2013-01-16</subfield>
    <subfield code="l">0</subfield>
    <subfield code="o">Du 20/ 153</subfield>
    <subfield code="p">Du20/1539914122013</subfield>
    <subfield code="r">2013-01-16</subfield>
    <subfield code="w">2013-01-16</subfield>
    <subfield code="y">RES</subfield>
    <subfield code="z">julio-diciembre 1940</subfield>
  </datafield>
  <datafield tag="952" ind1=" " ind2=" ">
    <subfield code="0">0</subfield>
    <subfield code="1">0</subfield>
    <subfield code="4">0</subfield>
    <subfield code="7">0</subfield>
    <subfield code="a">CDMR</subfield>
    <subfield code="b">CDMR</subfield>
    <subfield code="d">2013-01-16</subfield>
    <subfield code="l">0</subfield>
    <subfield code="o">Du 20/ 232</subfield>
    <subfield code="p">Du20/2328814320130</subfield>
    <subfield code="r">2013-01-16</subfield>
    <subfield code="w">2013-01-16</subfield>
    <subfield code="y">RES</subfield>
    <subfield code="z">septiembre-diciembre 1967</subfield>
  </datafield>
  <datafield tag="952" ind1=" " ind2=" ">
    <subfield code="0">0</subfield>
    <subfield code="1">0</subfield>
    <subfield code="4">0</subfield>
    <subfield code="7">0</subfield>
    <subfield code="a">CDMR</subfield>
    <subfield code="b">CDMR</subfield>
    <subfield code="d">2013-01-16</subfield>
    <subfield code="l">0</subfield>
    <subfield code="o">Du 20/ 235</subfield>
    <subfield code="p">Du20/2355600102013</subfield>
    <subfield code="r">2013-01-16</subfield>
    <subfield code="w">2013-01-16</subfield>
    <subfield code="y">RES</subfield>
    <subfield code="z">septiembre-diciembre 1968</subfield>
  </datafield>
  <datafield tag="952" ind1=" " ind2=" ">
    <subfield code="0">0</subfield>
    <subfield code="1">0</subfield>
    <subfield code="4">0</subfield>
    <subfield code="7">0</subfield>
    <subfield code="a">CDMR</subfield>
    <subfield code="b">CDMR</subfield>
    <subfield code="d">2013-01-16</subfield>
    <subfield code="l">0</subfield>
    <subfield code="o">Du 20/ 237</subfield>
    <subfield code="p">Du20/2379003562013</subfield>
    <subfield code="r">2013-01-16</subfield>
    <subfield code="w">2013-01-16</subfield>
    <subfield code="y">RES</subfield>
    <subfield code="z">septiembre-diciembre 1969</subfield>
  </datafield>
  <datafield tag="952" ind1=" " ind2=" ">
    <subfield code="0">0</subfield>
    <subfield code="1">0</subfield>
    <subfield code="4">0</subfield>
    <subfield code="7">0</subfield>
    <subfield code="a">CDMR</subfield>
    <subfield code="b">CDMR</subfield>
    <subfield code="d">2013-01-16</subfield>
    <subfield code="l">0</subfield>
    <subfield code="o">Du 20/ 240</subfield>
    <subfield code="p">Du20/2401059232013</subfield>
    <subfield code="r">2013-01-16</subfield>
    <subfield code="w">2013-01-16</subfield>
    <subfield code="y">RES</subfield>
    <subfield code="z">septiembre-diciembre 1970</subfield>
  </datafield>
  <datafield tag="952" ind1=" " ind2=" ">
    <subfield code="0">0</subfield>
    <subfield code="1">0</subfield>
    <subfield code="4">0</subfield>
    <subfield code="7">0</subfield>
    <subfield code="a">CDMR</subfield>
    <subfield code="b">CDMR</subfield>
    <subfield code="d">2013-01-16</subfield>
    <subfield code="l">0</subfield>
    <subfield code="o">Du 20/ 243</subfield>
    <subfield code="p">Du20/2436336212013</subfield>
    <subfield code="r">2013-01-16</subfield>
    <subfield code="w">2013-01-16</subfield>
    <subfield code="y">RES</subfield>
    <subfield code="z">septiembre-diciembre 1971</subfield>
  </datafield>
  <datafield tag="952" ind1=" " ind2=" ">
    <subfield code="0">0</subfield>
    <subfield code="1">0</subfield>
    <subfield code="4">0</subfield>
    <subfield code="7">0</subfield>
    <subfield code="a">CDMR</subfield>
    <subfield code="b">CDMR</subfield>
    <subfield code="d">2013-01-16</subfield>
    <subfield code="l">0</subfield>
    <subfield code="o">Du 20/ 246</subfield>
    <subfield code="p">Du20/2468248962013</subfield>
    <subfield code="r">2013-01-16</subfield>
    <subfield code="w">2013-01-16</subfield>
    <subfield code="y">RES</subfield>
    <subfield code="z">septiembre-diciembre 1972</subfield>
  </datafield>
  <datafield tag="952" ind1=" " ind2=" ">
    <subfield code="0">0</subfield>
    <subfield code="1">0</subfield>
    <subfield code="4">0</subfield>
    <subfield code="7">0</subfield>
    <subfield code="a">CDMR</subfield>
    <subfield code="b">CDMR</subfield>
    <subfield code="d">2013-01-16</subfield>
    <subfield code="l">0</subfield>
    <subfield code="o">Du 20/ 249</subfield>
    <subfield code="p">Du20/2499662192013</subfield>
    <subfield code="r">2013-01-16</subfield>
    <subfield code="w">2013-01-16</subfield>
    <subfield code="y">RES</subfield>
    <subfield code="z">septiembre-diciembre 1973</subfield>
  </datafield>
  <datafield tag="952" ind1=" " ind2=" ">
    <subfield code="0">0</subfield>
    <subfield code="1">0</subfield>
    <subfield code="4">0</subfield>
    <subfield code="7">0</subfield>
    <subfield code="a">CDMR</subfield>
    <subfield code="b">CDMR</subfield>
    <subfield code="d">2013-01-16</subfield>
    <subfield code="l">0</subfield>
    <subfield code="o">Du 20/ 252</subfield>
    <subfield code="p">Du20/2527704912013</subfield>
    <subfield code="r">2013-01-16</subfield>
    <subfield code="w">2013-01-16</subfield>
    <subfield code="y">RES</subfield>
    <subfield code="z">septiembre-diciembre 1974</subfield>
  </datafield>
  <datafield tag="952" ind1=" " ind2=" ">
    <subfield code="0">0</subfield>
    <subfield code="1">0</subfield>
    <subfield code="4">0</subfield>
    <subfield code="7">0</subfield>
    <subfield code="a">CDMR</subfield>
    <subfield code="b">CDMR</subfield>
    <subfield code="d">2013-01-16</subfield>
    <subfield code="l">0</subfield>
    <subfield code="o">Du 20/ 255</subfield>
    <subfield code="p">Du20/2552384142013</subfield>
    <subfield code="r">2013-01-16</subfield>
    <subfield code="w">2013-01-16</subfield>
    <subfield code="y">RES</subfield>
    <subfield code="z">septiembre-diciembre 1975</subfield>
  </datafield>
  <datafield tag="952" ind1=" " ind2=" ">
    <subfield code="0">0</subfield>
    <subfield code="1">0</subfield>
    <subfield code="4">0</subfield>
    <subfield code="7">0</subfield>
    <subfield code="a">CDMR</subfield>
    <subfield code="b">CDMR</subfield>
    <subfield code="d">2013-01-16</subfield>
    <subfield code="l">0</subfield>
    <subfield code="o">Du 20/ 258</subfield>
    <subfield code="p">Du20/2584400242013</subfield>
    <subfield code="r">2013-01-16</subfield>
    <subfield code="w">2013-01-16</subfield>
    <subfield code="y">RES</subfield>
    <subfield code="z">septiembre-diciembre 1976</subfield>
  </datafield>
  <datafield tag="952" ind1=" " ind2=" ">
    <subfield code="0">0</subfield>
    <subfield code="1">0</subfield>
    <subfield code="4">0</subfield>
    <subfield code="7">0</subfield>
    <subfield code="a">CDMR</subfield>
    <subfield code="b">CDMR</subfield>
    <subfield code="d">2013-09-20</subfield>
    <subfield code="l">0</subfield>
    <subfield code="o">Du 20</subfield>
    <subfield code="p">CDMR13096877</subfield>
    <subfield code="r">2013-09-20</subfield>
    <subfield code="w">2013-09-20</subfield>
    <subfield code="y">SER</subfield>
    <subfield code="z">Els n&#xFA;meros posteriors a desembre de 1976, i fins a juny de 1978, no estan enquadernats</subfield>
  </datafield>
</record>
